Statistics for Countries bordering 3 countries that are directly South of them

Click here to take the quiz!

General Stats

  • This quiz has been taken 69 times
  • The average score is 6 of 11

Answer Stats

COUNTRY % Correct
Russia
92%
China
83%
Brazil
77%
Kazakhstan
71%
France
68%
Libya
52%
Burkina Faso
48%
Bolivia
46%
Serbia
42%
Tanzania
34%
Cameroon
31%

Score Distribution

Percentile by Number Answered

Percent of People with Each Score

Your Score History

You have not taken this quiz